00939nam a22002417a 450000500170000001000130001702000230003003500130005303700160006604000120008208200160009410000350011024501010014526000460024627000610029230000330035350000510038665000350043765000490047294200250052199900190054695201320056520170124110221.0 aA-948880 c250.00a0195644190 aA-948880 bCen Lib/Ret aDPLbEN a954.08bFIS aFisher, Michael Herbert939794 aIndirect rule in India : cby Michael H. Fisherbresidents and the residency system, 1764-1858 / aNew DelhibOxford University Press c1998 aYMCA Library Building, Jai Singh RoadbNew Delhie110001 axv, 516p. :c21cm(pbk)bill. aIncludes bibliographical references and index  aColonial administrators927040 aPolitics and government -- 1765-19479105498 2ddccENh954.08mFIS c134101d134101 001040718REFaLbLd2015-07-28eCen Lib/Retg250.00l0o954.08 FISpA-948880r2015-07-28 00:00:00t1v250.00w2015-07-28yEN